[Event "Mundial Juvenil 2005 s12"]
[Site "Belfort FRA"]
[Date "2005.07.24"]
[Round "6.6"]
[White "Ter Sahakyan, Samvel"]
[Black "Popilski, Gil"]
[Result "0-1"]
[WhiteElo "2140"]
[BlackElo "2120"]
[PlyCount "160"]
[EventDate "2005.07.19"]
[EventType "swiss"]
[EventRounds "11"]
[EventCountry "FRA"]
[Source "lmi"]
[SourceDate "2005.07.31"]

1. e4 c5 2. Nf3 d6 3. d4 cxd4 4. Nxd4 Nf6 5. Nc3 a6 6. Bc4 e6 7. Bb3 Nbd7 8.
O-O Nc5 9. f3 b5 10. Be3 Bb7 11. Qe2 Be7 12. Rad1 Qc7 13. Qf2 O-O 14. Qg3 b4
15. Nce2 Rac8 16. c3 bxc3 17. Nxc3 Nxb3 18. axb3 Qb8 19. Rfe1 Bd8 20. Kh1 Nd7
21. Nde2 Nf6 22. Bh6 Ne8 23. Bf4 Ba5 24. Rd2 Ba8 25. Bg5 f6 26. Be3 d5 27. Qh3
Nc7 28. Qg4 Rf7 29. Nd4 dxe4 30. fxe4 Re8 31. Rf1 Qc8 32. Bh6 Bxc3 33. bxc3 Kh8
34. Be3 Nb5 35. Nxb5 axb5 36. Qh5 Rc7 37. Qxb5 Rxc3 38. Bd4 Rc1 39. Qxe8+ Qxe8
40. Rxc1 h6 41. Rdc2 Bb7 42. b4 e5 43. Bc5 Bxe4 44. Rd2 Kh7 45. Re1 Bc6 46. Be3
Qb8 47. Bc5 Qb7 48. Kg1 e4 49. Kf2 Qc8 50. Re3 Qf5+ 51. Kg1 Qc8 52. Rd6 Qa6 53.
Rd1 Qc4 54. Rd6 Bb5 55. Re1 Qc3 56. Rdd1 Bc6 57. Rc1 Qe5 58. Be3 Qb5 59. Kf2
Bb7 60. Bc5 f5 61. g3 g5 62. Be3 Qxb4 63. Rb1 Qe7 64. Rb5 Kg6 65. Reb1 Bc8 66.
Rb6+ Kh5 67. Rc1 Bd7 68. Rc5 Qf7 69. Rb2 Kg4 70. h3+ Kxh3 71. Bd4 f4 72. gxf4
gxf4 73. Be5 e3+ 74. Kf1 Kg3 75. Rc3 Bh3+ 76. Ke1 Qa7 77. Rb1 Qa5 78. Bd4 Qa2
79. Rb2 Qa1+ 80. Ke2 Qf1# 0-1

[Event "Mundial Juvenil 2005 s12"]
[Site "Belfort FRA"]
[Date "2005.07.24"]
[Round "6.7"]
[White "Shahin, Koohestani M.abad"]
[Black "Arribas Lopez, Angel"]
[Result "1/2-1/2"]
[WhiteElo "2012"]
[BlackElo "2140"]
[PlyCount "118"]
[EventDate "2005.07.19"]
[EventType "swiss"]
[EventRounds "11"]
[EventCountry "FRA"]
[Source "lmi"]
[SourceDate "2005.07.31"]

1. d4 Nf6 2. Nf3 g6 3. c4 Bg7 4. g3 O-O 5. Bg2 d6 6. O-O Nbd7 7. Nc3 e5 8. e4
a5 9. Re1 Re8 10. h3 exd4 11. Nxd4 Nc5 12. b3 Nfd7 13. Be3 h5 14. Qc2 Ne5 15.
Rad1 Ned7 16. Ndb5 Ne6 17. Kh2 h4 18. g4 Be5+ 19. Kg1 Ndf8 20. Qc1 g5 21. c5
Ng6 22. cxd6 cxd6 23. Nd5 Ra6 24. Qd2 Bd7 25. Bf1 Ngf4 26. Nd4 Nxd5 27. exd5
Nxd4 28. Bxd4 Ra8 29. Bxe5 Rxe5 30. Rxe5 dxe5 31. Qc3 f6 32. Qd3 f5 33. d6 Qf6
34. Qd5+ Be6 35. Qxb7 Rf8 36. gxf5 Qxf5 37. Qg2 Kh8 38. Be2 Qxh3 39. Qxh3 Bxh3
40. Rd5 Rd8 41. Rxa5 Rxd6 42. Rxe5 Rd2 43. a4 Kh7 44. a5 Ra2 45. Bd3+ Kh6 46.
a6 g4 47. Re3 g3 48. fxg3 Rg2+ 49. Kh1 hxg3 50. Be4 Ra2 51. Rxg3 Bf1 52. Bb7
Bxa6 53. Bxa6 Rxa6 54. Kg2 Rg6 55. b4 Rb6 56. Rg4 Kh5 57. Kg3 Rb5 58. Kf3 Rf5+
59. Rf4 Kg5 1/2-1/2

[Event "Mundial Juvenil 2005 s12"]
[Site "Belfort FRA"]
[Date "2005.07.24"]
[Round "6.8"]
[White "Iermito, Sebastian"]
[Black "Petenyi, Tamas"]
[Result "1-0"]
[WhiteElo "2134"]
[BlackElo "2056"]
[PlyCount "87"]
[EventDate "2005.07.19"]
[EventType "swiss"]
[EventRounds "11"]
[EventCountry "FRA"]
[Source "lmi"]
[SourceDate "2005.07.31"]

1. d4 Nf6 2. c4 c5 3. d5 b5 4. cxb5 a6 5. Nc3 axb5 6. e4 b4 7. Nb5 d6 8. Bf4 g5
9. Bxg5 Nxe4 10. Bf4 Bg7 11. Qe2 Nf6 12. Nxd6+ Kf8 13. Nxc8 Qxc8 14. Qc4 Qf5
15. d6 e5 16. Be3 Nbd7 17. Ne2 e4 18. Ng3 Qe5 19. Be2 Re8 20. O-O Qxd6 21. Nf5
Qe5 22. Nxg7 Kxg7 23. Rab1 Rhg8 24. a3 bxa3 25. bxa3 Re6 26. Rfd1 Kh8 27. Rb7
Qf5 28. Kh1 Qg6 29. Bf1 Ne5 30. Qxc5 Nfg4 31. Bf4 Qh5 32. Be2 Nf3 33. Qc3+ f6
34. Bxf3 Nxf2+ 35. Kg1 exf3 36. Kxf2 Re2+ 37. Kf1 fxg2+ 38. Kg1 Re6 39. Rbb1
Qf5 40. Be3 Qe4 41. Bd4 Qf4 42. Rb2 Rd6 43. Rf2 Rxd4 44. Qxd4 1-0

[Event "Mundial Juvenil 2005 s12"]
[Site "Belfort FRA"]
[Date "2005.07.24"]
[Round "6.9"]
[White "Mohammad, Saeed Ishaq"]
[Black "Ospanov, Nazar"]
[Result "0-1"]
[WhiteElo "2120"]
[BlackElo "1599"]
[PlyCount "56"]
[EventDate "2005.07.19"]
[EventType "swiss"]
[EventRounds "11"]
[EventCountry "FRA"]
[Source "lmi"]
[SourceDate "2005.07.31"]

1. d4 d5 2. c4 c6 3. Nc3 Nf6 4. Nf3 e6 5. Bg5 dxc4 6. e4 b5 7. e5 h6 8. Bh4 g5
9. Nxg5 hxg5 10. Bxg5 Be7 11. Bxf6 Bxf6 12. exf6 Qxf6 13. g3 Bb7 14. Bg2 Qe7
15. O-O Na6 16. a4 O-O-O 17. axb5 cxb5 18. Ra5 Bxg2 19. Kxg2 Qb7+ 20. f3 Nc7
21. Ne2 Qb6 22. Qd2 e5 23. Rd1 a6 24. Raa1 Ne6 25. d5 f5 26. Qa5 Rxh2+ 27. Kxh2
Qf2+ 28. Kh3 Rh8# 0-1

[Event "Mundial Juvenil 2005 s12"]
[Site "Belfort FRA"]
[Date "2005.07.24"]
[Round "6.10"]
[White "Negi, Parimarjan"]
[Black "Javakhadze, Zurab"]
[Result "1-0"]
[WhiteElo "2376"]
[BlackElo "2135"]
[PlyCount "111"]
[EventDate "2005.07.19"]
[EventType "swiss"]
[EventRounds "11"]
[EventCountry "FRA"]
[Source "lmi"]
[SourceDate "2005.07.31"]

1. e4 c5 2. Nf3 d6 3. d4 cxd4 4. Nxd4 Nf6 5. Nc3 g6 6. Be3 Bg7 7. f3 Nc6 8. Qd2
O-O 9. Bc4 Bd7 10. O-O-O Rc8 11. Bb3 Ne5 12. Kb1 Nc4 13. Bxc4 Rxc4 14. g4 Bxg4
15. fxg4 Nxg4 16. Rhg1 Nxe3 17. Qxe3 Qb6 18. Nd5 Bxd4 19. Nxb6 Bxe3 20. Nxc4
Bxg1 21. Rxg1 Rc8 22. Nd2 f6 23. c3 Kf7 24. Kc2 Rc5 25. Kd3 e6 26. Nf3 h6 27.
Rg3 g5 28. h4 Kg6 29. hxg5 fxg5 30. b4 Rc8 31. e5 dxe5 32. Nxe5+ Kf5 33. Nf7
Kg6 34. Rf3 Rc7 35. Ne5+ Kg7 36. c4 h5 37. c5 g4 38. Rf1 Kh6 39. Ke4 Kg5 40.
Rf8 Kh4 41. Rg8 Kg3 42. Rg5 Rh7 43. b5 Kf2 44. c6 g3 45. Nd3+ Kg2 46. Nf4+ Kf2
47. Nxe6 bxc6 48. bxc6 Re7 49. Kd5 g2 50. Nf4 h4 51. Nxg2 h3 52. Nf4 h2 53. Rh5
Kg1 54. Ne6 Rf7 55. Rxh2 Kxh2 56. c7 1-0

[Event "Mundial Juvenil 2005 s12"]
[Site "Belfort FRA"]
[Date "2005.07.24"]
[Round "6.11"]
[White "Strzemiecki, Zbigniew"]
[Black "Pavlidis, Antonios"]
[Result "1/2-1/2"]
[WhiteElo "2195"]
[BlackElo "1989"]
[PlyCount "112"]
[EventDate "2005.07.19"]
[EventType "swiss"]
[EventRounds "11"]
[EventCountry "FRA"]
[Source "lmi"]
[SourceDate "2005.07.31"]

1. e4 c5 2. Nf3 e6 3. d4 cxd4 4. Nxd4 Nf6 5. Bd3 Nc6 6. Be3 Be7 7. O-O Qc7 8.
Nc3 a6 9. Kh1 b5 10. a3 O-O 11. f4 d6 12. Qf3 Bd7 13. Qg3 Kh8 14. Nxc6 Bxc6 15.
Rae1 Rad8 16. e5 dxe5 17. fxe5 Ng8 18. Ne4 Bxe4 19. Bxe4 Bc5 20. Bg5 Be7 21.
Bc1 g6 22. Bf4 Kg7 23. Qh3 Rd4 24. c3 Rd7 25. Bc2 Qc4 26. Rf3 Rfd8 27. Ref1 Rf8
28. R3f2 Bc5 29. b3 Qd5 30. Rd2 Qc6 31. Rxd7 Qxd7 32. b4 Be7 33. Qe3 Qc7 34.
Rc1 Rd8 35. Bd3 Qd7 36. Be2 Rc8 37. h3 Qd5 38. Qd3 Qa2 39. Rf1 Qxa3 40. Bd2 Qa2
41. Bc1 Qd5 42. Qxd5 exd5 43. Bd2 Bd8 44. Ra1 Rc6 45. Bf3 Ne7 46. Ra3 f6 47.
exf6+ Kxf6 48. h4 Ke6 49. Bg5 Bc7 50. Ra1 Kd7 51. Re1 Bd6 52. Re3 h6 53. Bxh6
Nf5 54. Bxd5 Nxe3 55. Bxc6+ Kxc6 56. Bxe3 Bg3 1/2-1/2

[Event "Mundial Juvenil 2005 s12"]
[Site "Belfort FRA"]
[Date "2005.07.24"]
[Round "6.12"]
[White "So, Wesley"]
[Black "Aghasaryan, Robert"]
[Result "1-0"]
[WhiteElo "2165"]
[BlackElo "1599"]
[PlyCount "47"]
[EventDate "2005.07.19"]
[EventType "swiss"]
[EventRounds "11"]
[EventCountry "FRA"]
[Source "lmi"]
[SourceDate "2005.07.31"]

1. e4 c5 2. Nf3 e6 3. d4 cxd4 4. Nxd4 Nf6 5. Nc3 d6 6. g4 a6 7. g5 Nfd7 8. h4
Nc6 9. Be3 Be7 10. Qh5 O-O 11. O-O-O Nxd4 12. Bxd4 Qa5 13. Kb1 b5 14. Bd3 Ne5
15. f4 Nxd3 16. Rxd3 b4 17. f5 Qd8 18. Bxg7 Kxg7 19. Qh6+ Kh8 20. g6 fxg6 21.
fxg6 Rf7 22. gxf7 Bf8 23. Qh5 bxc3 24. Rg3 1-0

[Event "Mundial Juvenil 2005 s12"]
[Site "Belfort FRA"]
[Date "2005.07.24"]
[Round "6.13"]
[White "Guevara-Perez, Jorge-Alejandro"]
[Black "Robson, Ray"]
[Result "0-1"]
[WhiteElo "1599"]
[BlackElo "2021"]
[PlyCount "134"]
[EventDate "2005.07.19"]
[EventType "swiss"]
[EventRounds "11"]
[EventCountry "FRA"]
[Source "lmi"]
[SourceDate "2005.07.31"]

1. e4 c5 2. Nf3 d6 3. c3 Nf6 4. Be2 Nbd7 5. d3 b6 6. h3 Bb7 7. Be3 e6 8. Nbd2
Be7 9. Nf1 O-O 10. Ng3 Qc7 11. Qd2 d5 12. e5 Ne8 13. d4 f6 14. Bf4 f5 15. O-O
Qd8 16. Bd3 Nc7 17. b3 a5 18. a3 a4 19. bxa4 Rxa4 20. Rfb1 c4 21. Bc2 Ra5 22.
Ne2 Bc6 23. Bg5 h6 24. Bxe7 Qxe7 25. Nf4 Rfa8 26. Rb4 Rxa3 27. Rxa3 Rxa3 28.
Ng6 Qf7 29. Nfh4 Nb5 30. Qf4 Nxc3 31. Kh2 Nb5 32. Bxf5 exf5 33. Nxf5 Kh7 34.
Nge7 Na7 35. Qg4 g6 36. Nh4 Nf8 37. Nxc6 Nxc6 38. Rxb6 Qc7 39. Qf4 Kg8 40. Qf6
Qxb6 41. Nxg6 Nxg6 42. Qxg6+ Kf8 43. e6 Ra7 44. Qf6+ Ke8 45. Qg6+ Ke7 46. Qf7+
Kd6 47. Qf4+ Kxe6 48. Qxh6+ Kd7 49. Qg7+ Kc8 50. Qg4+ Kb7 51. g3 Qxd4 52. Qf5
Ra2 53. Qf7+ Kb6 54. Kg1 c3 55. Qf3 Qxf2+ 56. Qxf2+ Rxf2 57. Kxf2 c2 58. g4
c1=Q 59. h4 d4 60. Kf3 d3 61. g5 d2 62. Ke4 d1=Q 63. Kf5 Qf3+ 64. Kg6 Ne5+ 65.
Kh6 Qcc6+ 66. Kg7 Qf7+ 67. Kh8 Ng6# 0-1

[Event "Mundial Juvenil 2005 s12"]
[Site "Belfort FRA"]
[Date "2005.07.24"]
[Round "6.14"]
[White "Dilanian, Grigor"]
[Black "Matuszewski, Michal"]
[Result "0-1"]
[WhiteElo "1599"]
[BlackElo "1999"]
[PlyCount "130"]
[EventDate "2005.07.19"]
[EventType "swiss"]
[EventRounds "11"]
[EventCountry "FRA"]
[Source "lmi"]
[SourceDate "2005.07.31"]

1. d4 f5 2. g3 Nf6 3. Bg2 g6 4. Nf3 Bg7 5. c4 d6 6. Nc3 O-O 7. O-O Qe8 8. Re1
Qf7 9. Qb3 Ne4 10. Ng5 Nxg5 11. Bxg5 Nd7 12. d5 Ne5 13. Nb5 e6 14. h3 h6 15.
Bd2 g5 16. Ba5 b6 17. Bc3 f4 18. Bxe5 Bxe5 19. dxe6 Bxe6 20. Bxa8 Rxa8 21. Qf3
Rf8 22. Rac1 Qd7 23. g4 h5 24. Qb7 hxg4 25. hxg4 a6 26. Nc3 Bxg4 27. f3 Be6 28.
Qe4 Bf5 29. Qd5+ Rf7 30. Kg2 c6 31. Qd2 Bh3+ 32. Kf2 g4 33. Rg1 Qe7 34. Ke1
Qh4+ 35. Kd1 g3 36. Kc2 Bf5+ 37. Kb3 b5 38. a3 bxc4+ 39. Ka2 Qd8 40. e4 Be6 41.
Ka1 Qb6 42. Rh1 Qe3 43. Qg2 Rb7 44. Rc2 Rb3 45. Rhc1 Bxc3 46. Rxc3 Rxc3 47.
Rxc3 Qf2 48. Rc2 Qe1+ 49. Ka2 c3+ 50. b3 a5 51. a4 c5 52. Qe2 Qxe2 53. Rxe2 c4
54. b4 axb4 55. a5 b3+ 56. Ka3 d5 57. a6 dxe4 58. Rxe4 g2 59. Re1 Bd5 60. a7
Bxf3 61. Kb4 c2 62. Kc3 Bc6 63. Kd2 f3 64. Re8+ Kf7 65. a8=Q Bxa8 0-1

[Event "Mundial Juvenil 2005 s12"]
[Site "Belfort FRA"]
[Date "2005.07.24"]
[Round "6.18"]
[White "Kociscak, Jiri"]
[Black "Firat, Burak"]
[Result "1/2-1/2"]
[WhiteElo "2052"]
[BlackElo "1599"]
[PlyCount "96"]
[EventDate "2005.07.19"]
[EventType "swiss"]
[EventRounds "11"]
[EventCountry "FRA"]
[Source "lmi"]
[SourceDate "2005.07.31"]

1. d4 Nf6 2. c4 e6 3. g3 d5 4. Bg2 c6 5. Nf3 Bd6 6. O-O O-O 7. Nc3 Nbd7 8. Bf4
Bxf4 9. gxf4 dxc4 10. Nd2 Nd5 11. e3 b5 12. a4 b4 13. Nce4 c3 14. bxc3 bxc3 15.
Nb1 Ba6 16. Re1 Qa5 17. Qc2 c5 18. Nbxc3 cxd4 19. Nxd5 exd5 20. Ng5 d3 21. Qc6
Nf6 22. Red1 Rfd8 23. Qc1 Rac8 24. Qa3 h6 25. Nf3 Qc3 26. Bf1 Qa5 27. Nd4 Rc3
28. Qb2 Rdc8 29. Bh3 Re8 30. Ra3 Rxa3 31. Qxa3 Ne4 32. Bd7 Rb8 33. Nc6 Qc7 34.
Nxb8 Qxb8 35. Bb5 Qc8 36. f3 Qc2 37. Rf1 Bxb5 38. fxe4 d2 39. axb5 d1=Q 40.
Rxd1 Qxd1+ 41. Kg2 Qe2+ 42. Kg1 Qd1+ 43. Kg2 Qc2+ 44. Kg3 Qxe4 45. Qxa7 Qg6+
46. Kf2 Qc2+ 47. Kg3 Qg6+ 48. Kf2 Qc2+ 1/2-1/2

[Event "Mundial Juvenil 2005 s12"]
[Site "Belfort FRA"]
[Date "2005.07.24"]
[Round "6.19"]
[White "Geronimi, Pierre-Francois"]
[Black "Salem, A.r. Saleh"]
[Result "0-1"]
[WhiteElo "1843"]
[BlackElo "2044"]
[PlyCount "54"]
[EventDate "2005.07.19"]
[EventType "swiss"]
[EventRounds "11"]
[EventCountry "FRA"]
[Source "lmi"]
[SourceDate "2005.07.31"]

1. e4 c6 2. d4 d5 3. exd5 cxd5 4. Bd3 Nc6 5. c3 g6 6. Bf4 Bg7 7. Nd2 f6 8. Ngf3
Nh6 9. O-O O-O 10. Re1 Nf7 11. Qc2 e5 12. dxe5 fxe5 13. Bg3 e4 14. Nxe4 dxe4
15. Bxe4 Qb6 16. Rad1 Bg4 17. Bf4 Kh8 18. Be3 Qc7 19. h3 Bxf3 20. Bxf3 Nfe5 21.
Be4 Rad8 22. b3 Rxd1 23. Rxd1 Rd8 24. Re1 Qa5 25. Re2 Nf7 26. Bd2 Qa6 27. c4
Nd4 0-1

[Event "Mundial Juvenil 2005 s12"]
[Site "Belfort FRA"]
[Date "2005.07.24"]
[Round "6.20"]
[White "Badamdorj, Ariunbuunei"]
[Black "Lin, Zhigen Wilson"]
[Result "0-1"]
[WhiteElo "1599"]
[BlackElo "2029"]
[PlyCount "137"]
[EventDate "2005.07.19"]
[EventType "swiss"]
[EventRounds "11"]
[EventCountry "FRA"]
[Source "lmi"]
[SourceDate "2005.07.31"]

1. e4 e6 2. d4 d5 3. exd5 exd5 4. Bd3 Bd6 5. Nf3 Ne7 6. O-O Bg4 7. Re1 Nbc6 8.
Be2 O-O 9. a3 f6 10. Nc3 a6 11. b4 Re8 12. Be3 Be6 13. Qd2 b5 14. Na2 Nc8 15.
c3 Nb6 16. Nc1 Bg4 17. Nd3 Nc4 18. Qc1 Ne7 19. Nf4 c6 20. h3 Bd7 21. Bd3 Qc7
22. Nh5 Bf5 23. Qc2 Bxd3 24. Qxd3 Ng6 25. Qc2 Re7 26. Bd2 Rae8 27. a4 Nxd2 28.
Qxd2 Rxe1+ 29. Nxe1 Nf8 30. Nd3 Nd7 31. Nhf4 Nb6 32. Ne2 Nxa4 33. Nb2 Nxb2 34.
Qxb2 Qb7 35. Qd2 Ra8 36. Nc1 Qb6 37. Nb3 Re8 38. Qc2 Qb7 39. g3 Qc8 40. Kg2 Re7
41. Qd3 Ra7 42. Re1 Re7 43. Re3 Qe8 44. Na5 Rxe3 45. Qxe3 Qc8 46. f4 Qd7 47. f5
Bc7 48. Nb3 Bb6 49. g4 Kf8 50. Nc1 a5 51. bxa5 Bxa5 52. Nd3 Qe7 53. Qxe7+ Kxe7
54. Nb4 Kd6 55. Kf3 c5 56. Na2 cxd4 57. cxd4 b4 58. Nc1 Kc6 59. Ke3 Kb5 60. Kd3
Ka4 61. Kc2 Bb6 62. Nb3 Ka3 63. h4 Ba7 64. g5 Bb6 65. gxf6 gxf6 66. Nc5 Bxc5
67. dxc5 b3+ 68. Kb1 d4 69. c6 0-1

[Event "Mundial Juvenil 2005 s12"]
[Site "Belfort FRA"]
[Date "2005.07.26"]
[Round "7.2"]
[White "Sethuraman, S.p"]
[Black "Iermito, Sebastian"]
[Result "1-0"]
[WhiteElo "2203"]
[BlackElo "2134"]
[PlyCount "61"]
[EventDate "2005.07.19"]
[EventType "swiss"]
[EventRounds "11"]
[EventCountry "FRA"]
[Source "lmi"]
[SourceDate "2005.07.31"]

1. e4 e5 2. Nf3 d6 3. d4 exd4 4. Nxd4 Nf6 5. Nc3 c6 6. f3 Be7 7. Be3 O-O 8. Qd2
b5 9. Nce2 d5 10. e5 Nfd7 11. f4 Nb6 12. Ng3 f5 13. exf6 Bxf6 14. O-O-O Nc4 15.
Bxc4 bxc4 16. c3 Bd7 17. Nh5 Be7 18. f5 Qa5 19. Kb1 Na6 20. Bg5 Bc5 21. Rhe1
Bxd4 22. Qxd4 Bxf5+ 23. Ka1 Rf7 24. Be7 Be4 25. Bd6 Qb5 26. Rf1 c5 27. Rxf7
cxd4 28. Rxg7+ Kh8 29. Be5 Re8 30. g3 Nb8 31. Rh1 1-0

[Event "Mundial Juvenil 2005 s12"]
[Site "Belfort FRA"]
[Date "2005.07.26"]
[Round "7.3"]
[White "Hou, Yifan"]
[Black "Popilski, Gil"]
[Result "1-0"]
[WhiteElo "2158"]
[BlackElo "2120"]
[PlyCount "57"]
[EventDate "2005.07.19"]
[EventType "swiss"]
[EventRounds "11"]
[EventCountry "FRA"]
[Source "lmi"]
[SourceDate "2005.07.31"]

1. e4 c5 2. Nf3 d6 3. d4 cxd4 4. Nxd4 Nf6 5. Nc3 a6 6. Be2 e6 7. O-O Be7 8. f4
O-O 9. Kh1 Qc7 10. a4 Nc6 11. Be3 Re8 12. Bd3 Bd7 13. Qe1 Nxd4 14. Bxd4 Bc6 15.
Qg3 Bd8 16. e5 dxe5 17. Bxe5 Qe7 18. f5 exf5 19. Rxf5 Qe6 20. Raf1 Kf8 21. b3
b5 22. axb5 axb5 23. Nxb5 Bd5 24. Bxf6 gxf6 25. Nd4 Qb6 26. Rxd5 Bc7 27. Qh4
Be5 28. Nf5 Kg8 29. Qg4+ 1-0

[Event "Mundial Juvenil 2005 s12"]
[Site "Belfort FRA"]
[Date "2005.07.26"]
[Round "7.4"]
[White "Ospanov, Nazar"]
[Black "Mihok, Oliver"]
[Result "1-0"]
[WhiteElo "1599"]
[BlackElo "2157"]
[PlyCount "147"]
[EventDate "2005.07.19"]
[EventType "swiss"]
[EventRounds "11"]
[EventCountry "FRA"]
[Source "lmi"]
[SourceDate "2005.07.31"]

1. e4 c5 2. Nf3 a6 3. d4 cxd4 4. Nxd4 Nf6 5. Nc3 e5 6. Nb3 Bb4 7. Bd3 d5 8.
exd5 Nxd5 9. Bd2 Nxc3 10. bxc3 Bd6 11. Qh5 Nd7 12. O-O g6 13. Qf3 O-O 14. Be4
Rb8 15. Rad1 Qf6 16. Bh6 Re8 17. Qxf6 Nxf6 18. Bxg6 Bc7 19. Bg5 hxg6 20. Bxf6
Bf5 21. Rd2 Re6 22. Bg5 Rc6 23. Be3 Rxc3 24. Rc1 Rc8 25. h3 Bd8 26. Na1 Be7 27.
Rcd1 Ra3 28. g4 Be6 29. Rd7 Bxd7 30. Rxd7 Bf6 31. g5 Bg7 32. Rxb7 Rxa2 33. Nb3
Raxc2 34. Ra7 Ra2 35. Nc5 a5 36. Ne4 Rc6 37. Ra8+ Kh7 38. Ra7 a4 39. Rxf7 Kg8
40. Ra7 a3 41. Ra8+ Kh7 42. Ra7 Rc8 43. Nf6+ Kh8 44. Nd5 Re8 45. Nf6 Ra1+ 46.
Kg2 Rc8 47. Ne4 a2 48. Nf6 Rb8 49. Bc5 Rc1 50. Rxa2 Rxc5 51. Nd7 Rcc8 52. Nxb8
Rxb8 53. Re2 Kg8 54. Kf3 Rb3+ 55. Kg4 Rb4+ 56. Kg3 Kf7 57. Ra2 Ke6 58. Ra7 Bf8
59. Ra6+ Bd6 60. h4 e4+ 61. Kh3 Rb2 62. h5 gxh5 63. g6 Rd2 64. Kh4 Rd5 65. Ra4
Be7+ 66. Kh3 Re5 67. Ra6+ Bd6 68. Kh4 Rd5 69. Ra4 Re5 70. Ra6 Rd5 71. Ra4 Be7+
72. Kh3 Re5 73. Ra6+ Bd6 74. Kh4 1-0

[Event "Mundial Juvenil 2005 s12"]
[Site "Belfort FRA"]
[Date "2005.07.26"]
[Round "7.6"]
[White "Nyzhnyk, Illya"]
[Black "So, Wesley"]
[Result "0-1"]
[WhiteElo "2131"]
[BlackElo "2165"]
[PlyCount "66"]
[EventDate "2005.07.19"]
[EventType "swiss"]
[EventRounds "11"]
[EventCountry "FRA"]
[Source "lmi"]
[SourceDate "2005.07.31"]

1. e4 c5 2. Nc3 Nc6 3. d3 g6 4. Be3 d6 5. Nge2 Bg7 6. g3 b5 7. Qd2 b4 8. Nd1
Rb8 9. Bg2 Nd4 10. O-O e6 11. f4 Ne7 12. g4 Nxe2+ 13. Qxe2 O-O 14. f5 exf5 15.
gxf5 gxf5 16. Nf2 Ng6 17. exf5 Bxf5 18. Kh1 Bxb2 19. Rab1 Be5 20. Ne4 Qh4 21.
Bf3 Bxe4 22. Bxe4 Rbe8 23. Qg2 f5 24. Bxf5 Bxh2 25. Bg5 Qh5 26. Qxh2 Qxg5 27.
Bxg6 hxg6 28. Qxd6 Kg7 29. Rxf8 Rxf8 30. Qd7+ Rf7 31. Qh3 Rf4 32. Rg1 Qd5+ 33.
Rg2 Rf2 0-1

[Event "Mundial Juvenil 2005 s12"]
[Site "Belfort FRA"]
[Date "2005.07.26"]
[Round "7.7"]
[White "Matuszewski, Michal"]
[Black "Rajesh, V A V."]
[Result "0-1"]
[WhiteElo "1999"]
[BlackElo "2157"]
[PlyCount "47"]
[EventDate "2005.07.19"]
[EventType "swiss"]
[EventRounds "11"]
[EventCountry "FRA"]
[Source "lmi"]
[SourceDate "2005.07.31"]

1. e4 e6 2. d4 g6 3. f4 Bg7 4. Nf3 Ne7 5. Nc3 d5 6. e5 O-O 7. Be3 Nd7 8. Be2 c5
9. dxc5 f6 10. exf6 Bxf6 11. O-O Nf5 12. Bf2 Qc7 13. Nxd5 exd5 14. Qxd5+ Kh8
15. Ng5 Qc6 16. Qxc6 bxc6 17. Ne6 Rf7 18. Nc7 Rb8 19. Bc4 Re7 20. Rae1 Rb7 21.
Ne8 Rb4 22. b3 Bc3 23. Rxe7 Nxe7 24. Nd6 0-1

[Event "Mundial Juvenil 2005 s12"]
[Site "Belfort FRA"]
[Date "2005.07.26"]
[Round "7.8"]
[White "Arribas Lopez, Angel"]
[Black "Kavaliou, Uladzislau"]
[Result "1-0"]
[WhiteElo "2140"]
[BlackElo "2027"]
[PlyCount "97"]
[EventDate "2005.07.19"]
[EventType "swiss"]
[EventRounds "11"]
[EventCountry "FRA"]
[Source "lmi"]
[SourceDate "2005.07.31"]

1. e4 c5 2. Nf3 Nc6 3. d3 g6 4. g3 Bg7 5. Bg2 e6 6. O-O Nge7 7. Re1 d6 8. Nbd2
O-O 9. c3 Rb8 10. Nf1 e5 11. a4 a5 12. Be3 Qb6 13. N1d2 Be6 14. Qc2 Qa6 15. Nf1
b5 16. axb5 Qxb5 17. Bc1 Bb3 18. Qd2 Rfd8 19. Ne3 Qa6 20. Qe2 d5 21. Nd2 d4 22.
Nec4 dxc3 23. bxc3 Bc2 24. Bf1 Bxd3 25. Qe3 Bxf1 26. Rxf1 Bf8 27. Ba3 Rb5 28.
Rfb1 Rdb8 29. Rxb5 Rxb5 30. Nd6 Nd4 31. Nxb5 Nc2 32. Qxc5 Nxa1 33. Qxe5 Nc2 34.
Bxe7 Bxe7 35. Qxe7 Qxb5 36. c4 Qa4 37. c5 Nd4 38. Kg2 Nc6 39. Qe8+ Kg7 40. Nf3
h6 41. h3 g5 42. g4 f6 43. h4 Qb5 44. Qd7+ Kg8 45. hxg5 hxg5 46. e5 fxe5 47.
Nxe5 Nd4 48. Qf7+ Kh8 49. Ng6# 1-0

[Event "Mundial Juvenil 2005 s12"]
[Site "Belfort FRA"]
[Date "2005.07.26"]
[Round "7.9"]
[White "Shahin, Koohestani M.abad"]
[Black "Belous, Vladimir"]
[Result "1-0"]
[WhiteElo "2012"]
[BlackElo "2218"]
[PlyCount "67"]
[EventDate "2005.07.19"]
[EventType "swiss"]
[EventRounds "11"]
[EventCountry "FRA"]
[Source "lmi"]
[SourceDate "2005.07.31"]

1. d4 g6 2. Nf3 Bg7 3. g3 Nf6 4. Bg2 O-O 5. O-O d6 6. c4 c6 7. Nc3 a6 8. e4 b5
9. cxb5 axb5 10. e5 Ne8 11. Bf4 d5 12. Nd2 Nc7 13. Nb3 Ne6 14. Be3 Bb7 15. f4
b4 16. Ne2 Nd7 17. Qd2 Ra4 18. Qc2 Qa8 19. f5 gxf5 20. Rxf5 Rc8 21. Raf1 f6 22.
Rh5 Nef8 23. Bh3 e6 24. Bxe6+ Nxe6 25. Qxh7+ Kf7 26. exf6 Nxf6 27. Rxf6+ Kxf6
28. Rf5+ Ke7 29. Bg5+ Kd6 30. Bf4+ Ke7 31. Qh4+ Ke8 32. Qh5+ Kd8 33. Rf7 Bf8
34. Qf5 1-0

[Event "Mundial Juvenil 2005 s12"]
[Site "Belfort FRA"]
[Date "2005.07.26"]
[Round "7.10"]
[White "Mai, Lloyd Thu-Truc-Lam"]
[Black "Strzemiecki, Zbigniew"]
[Result "1-0"]
[WhiteElo "2030"]
[BlackElo "2195"]
[PlyCount "71"]
[EventDate "2005.07.19"]
[EventType "swiss"]
[EventRounds "11"]
[EventCountry "FRA"]
[Source "lmi"]
[SourceDate "2005.07.31"]

1. e4 e6 2. d3 c5 3. g3 Nc6 4. Bg2 g6 5. Nh3 Bg7 6. Be3 Bxb2 7. Nd2 Bxa1 8.
Qxa1 e5 9. f4 d6 10. fxe5 dxe5 11. Bxc5 Be6 12. Be3 f6 13. O-O Qd7 14. Nf2 Nge7
15. Nb3 b6 16. d4 Bxb3 17. dxe5 Nxe5 18. axb3 O-O 19. Bh3 Qc6 20. Rc1 Qb7 21.
Bh6 Rfd8 22. Ng4 Nxg4 23. Bxg4 Kf7 24. Rf1 Ng8 25. e5 Qc6 26. e6+ Ke7 27. Rc1
Qb7 28. Bg5 b5 29. Qe5 Qb6+ 30. Kg2 Rac8 31. Rf1 Rf8 32. Rd1 Qc6+ 33. Kh3 Ke8
34. Qd4 Ke7 35. Bd2 a5 36. Bxa5 1-0

[Event "Mundial Juvenil 2005 s12"]
[Site "Belfort FRA"]
[Date "2005.07.26"]
[Round "7.12"]
[White "Lin, Zhigen Wilson"]
[Black "Ter Sahakyan, Samvel"]
[Result "0-1"]
[WhiteElo "2029"]
[BlackElo "2140"]
[PlyCount "68"]
[EventDate "2005.07.19"]
[EventType "swiss"]
[EventRounds "11"]
[EventCountry "FRA"]
[Source "lmi"]
[SourceDate "2005.07.31"]

1. e4 c5 2. Nf3 d6 3. Bb5+ Bd7 4. Bxd7+ Qxd7 5. c4 Nc6 6. d4 cxd4 7. Nxd4 Nf6
8. Nc3 g6 9. Nde2 Bg7 10. f3 O-O 11. O-O a6 12. a4 Rac8 13. Be3 Rfd8 14. Bb6
Re8 15. b3 h5 16. Rb1 e6 17. Qd2 Qe7 18. Rfd1 Nd7 19. Be3 Bf8 20. Kh1 Red8 21.
Na2 Nf6 22. Bb6 Rd7 23. Nac3 Bg7 24. Qe1 Kh8 25. Qf2 Re8 26. Qg1 Kg8 27. Nc1 h4
28. N1a2 Nh5 29. c5 Ng3+ 30. hxg3 hxg3 31. Qe3 Qh4+ 32. Kg1 Bh6 33. f4 Bxf4 34.
Qf3 Ne5 0-1

[Event "Mundial Juvenil 2005 s12"]
[Site "Belfort FRA"]
[Date "2005.07.26"]
[Round "7.13"]
[White "Rahimov, Rahmatjon"]
[Black "Swiercz, Dariusz"]
[Result "0-1"]
[WhiteElo "1599"]
[BlackElo "2138"]
[PlyCount "90"]
[EventDate "2005.07.19"]
[EventType "swiss"]
[EventRounds "11"]
[EventCountry "FRA"]
[Source "lmi"]
[SourceDate "2005.07.31"]

1. e4 c5 2. Nf3 e6 3. d4 cxd4 4. Nxd4 a6 5. Bd3 Nf6 6. Be3 Qc7 7. O-O d6 8. c4
g6 9. Nc3 Bg7 10. Rc1 O-O 11. Qe2 Nbd7 12. f4 b6 13. Bb1 Bb7 14. Rfd1 Rfe8 15.
h3 Rad8 16. g4 Nc5 17. Qf3 e5 18. fxe5 Rxe5 19. Nd5 Nxd5 20. exd5 Ree8 21. Re1
Nd7 22. b3 Re7 23. Bf2 Rde8 24. Rxe7 Rxe7 25. Qf4 Ne5 26. Nf3 b5 27. Nxe5 Bxe5
28. Qd2 bxc4 29. bxc4 Qd7 30. Bc2 f5 31. g5 f4 32. Qd3 Bc8 33. Kg2 Rf7 34. Qf3
Qd8 35. h4 Qa5 36. Be4 Rc7 37. Qb3 Rb7 38. Qd3 Qxa2 39. Rc2 Qa4 40. Qe2 Rb3 41.
Ra2 Qd7 42. Qc2 Qh3+ 43. Kg1 Rc3 44. Qe2 Rc1+ 45. Be1 Bd4+ 0-1